00691nam a2200217Ia 4500003000400000005001700004008004100021020001800062040001800080041000800098082002500106100002100131245010600152250001200258260004400270300002500314650002700339650004500366650004000411700002200451OSt20260122160334.0210716s2018 xx 000 0 und d a9789332584914 cAIMIT LIBRARY aeng a330.015195 27bSTUA aStudenmund, A H. aB practical guide : bpractical guide to using econometrics /cBy A H Studenmund and Bruce K Johnson. a7st ed. aNew Delhi :bPearson Education ,c2018. a572p. ;bPBc23.3 cm aOrdinary least squares aSpecification: choosinga functional form aRunning your own regression project aJohnson, Bruce K.